000 01315nam0a2200361 4500
001 RU\NLR\BIBL_A\022580509
005 20260420050449.0
010 _a978-5-00258-436-9
_9200
021 _aRU
_bКН-П-25-026456
_9КН-П-25-2635
035 _a(NLR Aleph) 022580509
090 _a13677066
_c13677066
100 _a20250704d2025 u y0rusy50 ca
101 0 _arus
102 _aRU
105 _aa z 000ay
181 0 _ab2
_bxb2e
181 0 _ai2
_baххe
182 0 _an
200 1 _aЖека и Ромка в долине динозавров
_iМеловой период
_fКощеева Ирина, Кощеев Константин, Кощеев Федор
_gиллюстратор: Алешина Вероника
203 _aИзображение
_aТекст
_bвизуальные
_cнепосредственные
210 _aМосква
_cПеро
_d2025
215 _a96, [3] с.
_cцв. ил.
_d21×26
333 _a6+
686 0 _aШ9(2)60=Р7-2
700 1 _aКощеева
_bИ.
_gИрина
701 1 _aКощеев
_bК.
_gКонстантин
701 1 _aКощеев
_bФ.
_gФедор
702 1 _aАлешина
_bВ.
_gВероника
_4440
942 _cBOOK
980 _aNB